|
|
|
|
| LEADER |
00000nab a2200000 a 4500 |
| 001 |
vtls000869004 |
| 003 |
SK-MaSNL |
| 005 |
20260426063330.0 |
| 008 |
140328c2004 xo 0 slo |
| 015 |
|
|
|a SNBRB2004/04-11432
|
| 035 |
|
|
|a CLN000220556
|
| 040 |
|
|
|a SNKBUCL
|b slo
|c SNKBUCL
|e AACR2
|
| 041 |
0 |
|
|a slo
|
| 044 |
|
|
|a xo
|c SK
|
| 080 |
|
|
|a 727.3(437.6)
|2 1997
|
| 245 |
0 |
0 |
|a Činoherná a bábkarská fakulta VŠMU na Svoradovej ulici v Bratislave
|
| 300 |
|
|
|b Obr.
|
| 610 |
2 |
7 |
|a Vysoká škola múzických umení v Bratislave.
|b Činoherná a bábkárska fakulta
|2 snkbucl
|9 76405
|
| 651 |
|
7 |
|a Bratislava (Slovensko)
|2 snkbucl
|9 14568
|
| 655 |
|
7 |
|a články z novín a časopisov
|2 snkbucl
|9 267496
|
| 773 |
0 |
|
|t [Príl.] Informácie SKA
|g Č. 4 (2004), s. 6-13
|x 1336-0264
|
| 773 |
0 |
|
|t Fórum architektúry
|g Roč. 14, č. 4 (2004)
|x 1336-0264
|
| 850 |
|
|
|a Slovenská národná knižnica v Martine
|
| 852 |
|
|
|a SNK
|b KIS3GCP
|
| 958 |
|
|
|a SK
|
| 992 |
|
|
|a RBX
|
| 999 |
|
|
|c 2554913
|d 2556843
|